书目信息 |
| 题名: |
有机化学
|
|
| 作者: | 王彦广 , 吕萍 , 傅春玲 , 马成 主编 | |
| 分册: | ||
| 出版信息: | 北京 化学工业出版社 2015 |
|
| 页数: | 527页, [2] 页图版 | |
| 开本: | 26cm | |
| 丛书名: | ||
| 单 册: | ||
| 中图分类: | O62-43 | |
| 科图分类: | ||
| 主题词: | 有机化学--you ji hua xue--高等教育--教材 | |
| 电子资源: | ||
| ISBN: | 978-7-122-22860-4 | |
| 000 | 01206nam0 2200349 450 | |
| 001 | 012001002840 | |
| 005 | 20191121144525.04 | |
| 010 | @a978-7-122-22860-4@dCNY58.00 | |
| 099 | @aCAL 012015068573 | |
| 100 | @a20150602d2015 em y0chiy50 ea | |
| 101 | 0 | @achi |
| 102 | @aCN@b110000 | |
| 105 | @aafk a 000yy | |
| 106 | @ar | |
| 200 | 1 | @a有机化学@Ayou ji hua xue@f王彦广 ... [等] 主编 |
| 205 | @a第3版 | |
| 210 | @a北京@c化学工业出版社@d2015 | |
| 215 | @a527页, [2] 页图版@c图@d26cm | |
| 304 | @a题名页题其余责任者: 吕萍, 傅春玲, 马成 | |
| 312 | @a英文题名取自封面 | |
| 320 | @a有书目 | |
| 330 | @a本书共17章, 主要介绍常见各类有机化合物的结构和命名、有机结构理论和电子理论基础、经典有机反应及其机理, 以及立体化学和有机波谱分析基础知识。 | |
| 333 | @a“十二五”普通高等教育本科国家级规划教材 普通高等教育“十一五”国家级规划教材 | |
| 510 | 1 | @aOrganic chemistry@zeng |
| 606 | 0 | @a有机化学@Ayou ji hua xue@x高等教育@j教材 |
| 690 | @aO62-43@v5 | |
| 701 | 0 | @a王彦广@Awang yan guang@4主编 |
| 701 | 0 | @a吕萍@Alu^ ping@4主编 |
| 701 | 0 | @a傅春玲@Afu chun ling@4主编 |
| 701 | 0 | @a马成@Ama cheng@4主编 |
| 801 | 0 | @aCN@b北京卓展@c20191020 |
| 905 | @b1205918-21@dO62-43@e260=3@f4 | |
| 有机化学/王彦广 ... [等] 主编.-第3版.-北京:化学工业出版社,2015 |
| 527页, [2] 页图版:图;26cm |
| 使用对象:“十二五”普通高等教育本科国家级规划教材 普通高等教育“十一五”国家级规划教材 |
| ISBN 978-7-122-22860-4:CNY58.00 |
| 本书共17章, 主要介绍常见各类有机化合物的结构和命名、有机结构理论和电子理论基础、经典有机反应及其机理, 以及立体化学和有机波谱分析基础知识。 |
| ● |
| 相关链接 |
|
|
|
|
正题名:有机化学
索取号:O62-43/260=3
 
预约/预借
| 序号 | 登录号 | 条形码 | 馆藏地/架位号 | 状态 | 备注 |
| 1 | 1205918 | 212059181 | 第二样本阅览室/ [索取号:O62-43/260=3] | 在馆 | |
| 2 | 1205919 | 212059190 | 第三借阅区/ [索取号:O62-43/260=3] | 在馆 | |
| 3 | 1205920 | 212059207 | 第三借阅区/ [索取号:O62-43/260=3] | 在馆 | |
| 4 | 1205921 | 212059216 | 第三借阅区/ [索取号:O62-43/260=3] | 在馆 |